Elementary mechanics of deformable bodies (Record no. 3931)

000 -LEADER
fixed length control field 00501nam a22001931 4500
001 - CONTROL NUMBER
control field 3931
003 - CONTROL NUMBER IDENTIFIER
control field BD-DhUET
008 - FIXED-LENGTH DATA ELEMENTS--GENERAL INFORMATION
fixed length control field 690306s1969 nyua 001 0 eng
040 ## - CATALOGING SOURCE
Original cataloging agency DLC
Transcribing agency DLC
Modifying agency BD-DhUET
082 00 - DEWEY DECIMAL CLASSIFICATION NUMBER
Classification number 620.11
Item number SMI/1969
100 ## - MAIN ENTRY--PERSONAL NAME
Personal name Smith, J. O.
245 10 - TITLE STATEMENT
Title Elementary mechanics of deformable bodies
250 ## - EDITION STATEMENT
Edition statement 1st ed.
260 ## - PUBLICATION, DISTRIBUTION, ETC. (IMPRINT)
Place of publication, distribution, etc. New York
Name of publisher, distributor, etc. Macmillan
Date of publication, distribution, etc. 1969
300 ## - PHYSICAL DESCRIPTION
Extent xv, 634p.
Other physical details illus.
Dimensions 24 cm.
650 #0 - SUBJECT ADDED ENTRY--TOPICAL TERM
Topical term or geographic name as entry element Deformations (Mechanics)
700 ## - ADDED ENTRY--PERSONAL NAME
Personal name Sidebottom, O. M.
942 ## - ADDED ENTRY ELEMENTS (KOHA)
Koha item type General Book
Holdings
Source of classification or shelving scheme Shelving location Koha item type Koha date last seen Damaged status Koha full call number Not for loan Price effective from Sublocation or collection (holding branch) Piece designation (barcode) Location (home branch) Copy number Date acquired Lost status Koha normalized classification for sorting Withdrawn status
 Circulation sectionGeneral Book2014-11-09 620.1123/SMI/1969 2014-11-09Central Library, BUET84337Central Library, BUET12014-11-09 620_112300000000000_SMI_1969 
 Circulation sectionGeneral Book2014-11-09 620.1123/SMI/1969 2014-11-09Central Library, BUET52639Central Library, BUET22014-11-09 620_112300000000000_SMI_1969 
 Circulation sectionGeneral Book2015-04-22 620.1123/SMI/1969 2015-04-22Central Library, BUET20130Central Library, BUET32015-04-22 620_112300000000000_SMI_1969 
 Circulation sectionGeneral Book2015-04-23 620.11/SMI/1969 2015-04-23Central Library, BUET19202Central Library, BUET42015-04-23 620_110000000000000_SMI_1969